[Event "4th It"]
[Site "Montreal CAN"]
[Date "2003.07.24"]
[Round "2"]
[White "Rozentalis,E"]
[Black "Vera,R"]
[Result "1-0"]
[WhiteElo "2586"]
[BlackElo "2509"]

1.e4 c5 2.c3 Nf6 3.e5 Nd5 4.Nf3 d6 5.Bc4 e6 6.d4 cxd4 7.cxd4 Be7 8.O-O O-O
9.Nc3 Nxc3 10.bxc3 Nc6 11.exd6 Qxd6 12.Re1 b6 13.Ng5 Bxg5 14.Bxg5 Bb7 15.Qg4 Ne7
16.Bxe6 h5 17.Qh3 fxe6 18.Rxe6 Qd7 19.Rxe7 Qxh3 20.gxh3 Rf7 21.Rae1 Bd5 22.a3 Rc8
23.Re8+ Rxe8 24.Rxe8+ Kh7 25.Re5 Rd7 26.f4 Kg8 27.f5 Bf7 28.Kf2 g6 29.fxg6 Bxg6
30.Ke3 Rc7 31.Kd2 Bf7 32.Be7 Rd7 33.Rg5+ Kh7 34.Bf6 Bg6 35.Be5 Rf7 36.d5 Rf2+
37.Ke3 Rf5 38.h4 Rxg5 39.hxg5 b5 40.Kd4 Be8 41.Kc5 Kg6 42.h4 Kf5 43.Bd4 Ke4
44.d6 Kf5 45.Kd5 a5 46.g6  1-0

[Event "TCh-Europe u18"]
[Site "Balatonlelle HUN"]
[Date "2003.07.25"]
[Round "6"]
[White "Zinchenko,Y"]
[Black "Berczes,D"]
[Result "1/2-1/2"]
[WhiteElo "2322"]
[BlackElo "2393"]

1.e4 c5 2.c3 Nf6 3.e5 Nd5 4.d4 cxd4 5.Nf3 Nc6 6.cxd4 d6 7.Bc4 Nb6 8.Bb5 dxe5
9.Nxe5 Bd7 10.Nxd7 Qxd7 11.O-O Rd8 12.Qf3 a6 13.Bxc6 Qxc6 14.Qxc6+ bxc6 15.Be3 e6
16.Rc1 Kd7 17.Nd2 Nd5 18.Nb3 Rb8 19.Na5 Rxb2 20.Nc4 Rb7 21.Ne5+ Ke7 22.Rxc6 f6
23.Nd3 Rb6 24.Rxb6 Nxb6 25.Rb1 Nd5 26.Rb7+ Kd6 27.Rb8 g6 28.Ra8 a5 29.Nc5 Nc7
30.Rxa5 Bg7 31.Bf4+ e5 32.Ne4+ Ke6 33.dxe5 fxe5 34.Be3 Rb8 35.h3 h6 36.Ra7 Kd7
37.Nc5+ Kd6 38.Kh2 Ra8 39.Ne4+ Kc6 40.Rxa8 Nxa8 41.Kg3 Nc7 42.h4 Nd5 43.Bd2 Ne7
44.Kg4 Kd5 45.f3 Ke6 46.a4 Kd5 47.h5 g5 48.Bb4 Nc6 49.Ba3 Nd4 50.Bc5 Ne6
51.Be3 Nd4 52.Bxd4 exd4 53.Kf5 d3 54.Kg6 Bf8 55.a5 Kc6 56.Kf7 Bb4 57.Kg7 d2
58.Nf2 Kd5 59.a6 Bc5 60.Nd1 Kc4 61.Kxh6 Kb3 62.Kxg5 Kc2 63.h6 Kxd1 64.h7 Kc2
65.h8=Q d1=Q 66.Qh7+ Kc1 67.Qe4 Qd8+ 68.Kg4 Qg8+ 69.Kf5 Qf8+ 70.Kg4 Qg7+
71.Kf5 Qxg2 72.Qc4+ Kd1 73.Qd5+ Ke1 74.Qe5+ Kd1 75.Qxc5 Qxf3+ 76.Kg5 Qg2+
77.Kh6 Qd2+ 78.Qg5 Qd6+ 79.Qg6 Qf4+ 80.Kg7 Qc7+ 81.Qf7 Qe5+ 82.Qf6 Qc7+ 83.Kf8 Qc8+
84.Ke7 Qc7+ 85.Ke8 Kc2 86.Qf2+ Kd3 87.Qf3+ Kd4 88.Qb7 Qe5+ 89.Kd7 Qg7+ 90.Kc6 Qf6+
91.Kc7 Qe5+ 92.Kd7 Qg7+ 93.Kc8 Qf8+ 94.Kc7 Qe7+ 95.Kb8 Qd8+ 96.Qc8 Qb6+ 97.Ka8 Kd5
98.a7 Kd4 99.Qg4+ Kc3 100.Qf3+ Kc4 101.Qe2+ Kc3 102.Qe1+ Kc2 103.Qe4+ Kc1
104.Qc4+ Kd2 105.Qa2+ Kd1 106.Qc4 Kd2  1/2-1/2

[Event "25th Politiken Cup"]
[Site "Copenhagen DEN"]
[Date "2003.07.25"]
[Round "11"]
[White "Larsen,S"]
[Black "Lonborg,M"]
[Result "1-0"]
[WhiteElo "2310"]
[BlackElo "2185"]

1.e4 c5 2.c3 Nf6 3.e5 Nd5 4.d4 cxd4 5.Nf3 e6 6.cxd4 b6 7.Bd3 Bb7 8.O-O d6
9.Nc3 Nxc3 10.bxc3 Qc7 11.Bf4 Nd7 12.Re1 Be7 13.c4 O-O 14.d5 Rad8 15.exd6 Bxd6
16.Bxd6 Qxd6 17.dxe6 Nc5 18.Bxh7+ Kxh7 19.e7 Qf6 20.exf8=Q Rxf8 21.Ne5 Kg8
22.Qg4 Bc8 23.Qh5 Qf4 24.Nc6 g6 25.Qe5 Qxc4 26.Ne7+ Kh7 27.Nd5 Nd3 28.Nf6+ Kh8
29.Qg5 Kg7 30.Nh5+ Kh7 31.Re4 Qc3 32.Rd1 Qc2 33.Rf1 gxh5 34.Qxh5+ Kg7 35.Qg5+  1-0

[Event "ch-NED Open"]
[Site "Dieren NED"]
[Date "2003.07.25"]
[Round "4"]
[White "Schmitz,A"]
[Black "Bezemer,A"]
[Result "0-1"]
[WhiteElo "2179"]
[BlackElo "2346"]

1.e4 c5 2.c3 Nf6 3.e5 Nd5 4.d4 cxd4 5.cxd4 d6 6.Nf3 e6 7.Bc4 Nb6 8.Bb3 dxe5
9.Nxe5 Nc6 10.Nxc6 bxc6 11.O-O Bd6 12.Nd2 O-O 13.Nf3 c5 14.dxc5 Bxc5 15.Qe2 Bb7
16.Ng5 Rc8 17.Bc2 h6 18.Rd1 Qc7 19.Nh7 Qc6 20.Nf6+ gxf6 21.Qg4+ Kh8 22.Qh3 Bxf2+
23.Kxf2 Qxc2+ 24.Ke1 Ba6 25.Qxh6+ Kg8 26.Rd2 Qg6 27.Rd4 Qxh6 28.Bxh6 Rfd8
29.Rg4+ Kh7 30.Be3 Rc2 31.Rh4+ Kg8 32.Rg4+ Kf8 33.Bh6+ Ke7  0-1

[Event "26th Asian Juniors Girls"]
[Site "Negombo SRI"]
[Date "2003.07.25"]
[Round "10"]
[White "Mahima,R"]
[Black "Sachdev,T"]
[Result "1-0"]
[WhiteElo "2104"]
[BlackElo "2206"]

1.e4 c5 2.c3 Nf6 3.e5 Nd5 4.d4 cxd4 5.cxd4 d6 6.Nf3 Nc6 7.Bc4 Nb6 8.Bb5 Bd7
9.exd6 exd6 10.O-O Be7 11.Nc3 O-O 12.Bf4 Nb4 13.Bxd7 Qxd7 14.Qb3 d5 15.a3 Nc6
16.Rad1 Rac8 17.Rfe1 Qf5 18.Bg3 Rfd8 19.Ne5 Bf6 20.Nb5 Nc4 21.Nxc6 Rxc6 22.Nxa7 Rb6
23.Nb5 Qd7 24.a4 h5 25.h3 h4 26.Bh2 Ra8 27.Re2 Qf5 28.Qb4 Qh5 29.Rde1 Bxd4
30.b3 Rg6 31.Nxd4 Qg5 32.f4 Qf6 33.Nf3  1-0

[Event "3rd Savaria Summer Open"]
[Site "Szombathely HUN"]
[Date "2003.07.25"]
[Round "7"]
[White "Gjuran,D"]
[Black "Barcsi,J"]
[Result "1-0"]
[WhiteElo "2230"]
[BlackElo "2105"]

1.e4 c5 2.c3 Nf6 3.e5 Nd5 4.d4 cxd4 5.Nf3 Nc6 6.cxd4 e6 7.Bc4 Nb6 8.Bb3 d6
9.O-O Qc7 10.Nc3 Be7 11.Bf4 a6 12.Rc1 d5 13.Ne2 Qd8 14.Qd2 h6 15.Ng3 Bb4
16.Qe2 Na5 17.Bc2 Bd7 18.Bd3 Nbc4 19.Nh5 Kf8 20.h3 Be7 21.Nh2 g6 22.Ng3 Kg7
23.b3 Na3 24.Ng4 Nc6 25.Qe3 h5 26.Bh6+ Kg8 27.Nxh5 gxh5 28.Nf6+ Bxf6 29.Qg3+  1-0

[Event "TCh-Europe u18"]
[Site "Balatonlelle HUN"]
[Date "2003.07.26"]
[Round "7"]
[White "Jakymov,V"]
[Black "Murariu,A"]
[Result "0-1"]
[WhiteElo "2363"]
[BlackElo "2389"]

1.e4 c5 2.c3 Nf6 3.e5 Nd5 4.d4 cxd4 5.Nf3 e6 6.cxd4 d6 7.Bc4 Nb6 8.Bd3 Nc6
9.Qe2 Nb4 10.Bb5+ Bd7 11.O-O a6 12.Bxd7+ Qxd7 13.Nc3 Rc8 14.Rd1 d5 15.Be3 Be7
16.Rdc1 O-O 17.b3 Nc6 18.a4 f6 19.exf6 Bxf6 20.a5 Na8 21.Qe1 e5 22.Qd2 e4
23.Ne1 Nc7 24.Na4 Qf7 25.Nb6 Rcd8 26.Nc2 Nb5 27.Ra4 Be7 28.Rd1 Bd6 29.Bg5 Rde8
30.Bh4 Qh5 31.Bg3 Bxg3 32.hxg3 Nc3 33.g4 Qxg4 34.Ne3 Ne2+ 35.Kf1 Rxf2+ 36.Kxf2 Rf8+
37.Ke1 Qg3+  0-1

[Event "16th Open"]
[Site "Kiel GER"]
[Date "2003.07.27"]
[Round "4"]
[White "Feuerstack,A"]
[Black "Bach,M"]
[Result "0-1"]
[WhiteElo "2142"]
[BlackElo "2354"]

1.e4 c5 2.c3 Nf6 3.e5 Nd5 4.d4 cxd4 5.cxd4 d6 6.Nf3 e6 7.a3 Nc6 8.Bd3 Qc7
9.O-O a6 10.Qe2 b5 11.Qe4 Bb7 12.Re1 dxe5 13.dxe5 Bc5 14.b4 Bb6 15.Bb2 h6
16.Nbd2 g5 17.Rac1 Qd7 18.Bf1 Nf4 19.Qc2 Ne7 20.Ne4 Bxe4 21.Qxe4 Rd8 22.Qc2 O-O
23.h4 g4 24.Re4 gxf3 25.Rxf4 Rc8 26.Qe4 Qd2 27.Rg4+ Kh8 28.Qxf3 Nf5 29.Qe2 Qxe2
30.Bxe2 Rxc1+ 31.Bxc1 Rc8 32.Bf4 Rc3 33.Bf3 Rxa3 34.Be4 Ra2 35.Be3 Bxe3 36.fxe3 Nxe3
37.Rf4 Kg7 38.Rf3 Nc4 39.Rf2 Ra4  0-1

[Event "3rd Savaria Summer Open"]
[Site "Szombathely HUN"]
[Date "2003.07.27"]
[Round "9"]
[White "Gjuran,D"]
[Black "Zakharchenko,A"]
[Result "1-0"]
[WhiteElo "2230"]
[BlackElo "2351"]

1.e4 c5 2.c3 Nf6 3.e5 Nd5 4.d4 cxd4 5.Nf3 Nc6 6.cxd4 d6 7.Bc4 Nb6 8.Bb5 dxe5
9.Nxe5 Bd7 10.Nc3 Nxe5 11.dxe5 Bxb5 12.Nxb5 Qxd1+ 13.Kxd1 O-O-O+ 14.Ke2 Rd5
15.a4 Rxe5+ 16.Be3 Nd5 17.Rac1+ Kb8 18.Rhd1 e6 19.Kf3 b6 20.Bf4  1-0

[Event "3rd Savaria Summer Open"]
[Site "Szombathely HUN"]
[Date "2003.07.27"]
[Round "9"]
[White "Szegi,T"]
[Black "Butunoi,A"]
[Result "1-0"]
[WhiteElo "2172"]
[BlackElo "2412"]

1.e4 c5 2.c3 Nf6 3.e5 Nd5 4.d4 cxd4 5.Nf3 Nc6 6.Bc4 Nb6 7.Bb3 d6 8.exd6 Qxd6
9.O-O Be6 10.Na3 Bxb3 11.axb3 g6 12.Nb5 Qb8 13.Nfxd4 Bg7 14.Re1 O-O 15.Nxc6 bxc6
16.Nd4 Qc7 17.Qf3 Bxd4 18.cxd4 Nd5 19.Bh6 Rfd8 20.Rac1 Rab8 21.h4 Rb4 22.Rc4 Qb6
23.Rxe7 Nxe7 24.Qf6 Nf5 25.Rxb4 Qa5 26.Bf4 Qxb4 27.Be5 Qe1+ 28.Kh2 Qxe5+
29.dxe5 Rd2 30.e6 fxe6 31.Qxe6+ Kg7 32.Qe5+ Kg8 33.Qb8+ Kg7 34.Qxa7+ Kh6
35.Qc5 Re2 36.Qf8+ Kh5 37.Kh3 Re4 38.g3 Rd4 39.f3  1-0

[Event "Summer"]
[Site "Tel Aviv ISR"]
[Date "2003.07.29"]
[Round "9"]
[White "Kaplan,S"]
[Black "Kreizberg,M"]
[Result "1/2-1/2"]
[WhiteElo "2208"]
[BlackElo "2353"]

1.e4 c5 2.c3 Nf6 3.e5 Nd5 4.Nf3 e6 5.d4 cxd4 6.cxd4 d6 7.Bc4 Nc6 8.O-O Be7
9.Qe2 O-O 10.Qe4 Qb6 11.exd6 Bxd6 12.Nc3 Nf6 13.Qh4 Ne7 14.Ne4 Nxe4 15.Qxe4 Bd7
16.Bd3 Nf5 17.d5 exd5 18.Qxd5 g6 19.Bxf5 Bxf5 20.Be3 Qa6 21.Nd4 Bd3 22.Rfd1 Rad8
23.Qg5 Rfe8 24.Rd2 Be4 25.a3 Be5 26.Rad1 Bf6 27.Qb5 Qxb5 28.Nxb5 Rxd2 29.Rxd2 a6
30.Nd6 Re6 31.Nxe4 Rxe4 32.Kf1 b5 33.Ke2 Re6 34.h3 Kf8 35.Kf3 Be5 36.Bd4 Bxd4
37.Rxd4  1/2-1/2

[Event "Valoz Cup"]
[Site "Olomouc CZE"]
[Date "2003.07.31"]
[Round "2"]
[White "Malinovsky,K"]
[Black "Meszaros,Mi"]
[Result "1/2-1/2"]
[WhiteElo "2216"]
[BlackElo "2292"]

1.e4 c5 2.c3 Nf6 3.e5 Nd5 4.d4 cxd4 5.Qxd4 e6 6.Nf3 Nc6 7.Qe4 f5 8.Qe2 Qc7
9.g3 b5 10.Bg2 a5 11.O-O Ba6 12.Rd1 Bc5 13.Nd4 b4 14.Nb5 Qb6 15.c4 Bxb5 16.cxb5 Nd4
17.Qd3 O-O 18.Bxd5 exd5 19.Be3 Nf3+ 20.Kg2 Bxe3 21.Qxd5+ Kh8 22.fxe3 Ng5
23.Nd2 Qxe3 24.Re1 Qb6 25.Nc4 Qh6 26.Nd6 Rab8 27.Rf1 Qh3+ 28.Kg1 Ne6 29.Rad1 f4
30.gxf4 Qe3+ 31.Kh1 Rxf4 32.Rde1 Rbf8 33.Qg2 Qd4 34.Rxf4 Rxf4 35.Rf1 Rxf1+
36.Qxf1 Qd5+ 37.Qg2 Qd1+ 38.Qg1 Qf3+  1/2-1/2

[Event "It"]
[Site "Kramatorsk UKR"]
[Date "2003.08.01"]
[Round "5"]
[White "Kulicov,O"]
[Black "Arzumanian,G"]
[Result "1/2-1/2"]
[WhiteElo "2460"]
[BlackElo "2418"]

1.e4 c5 2.c3 Nf6 3.e5 Nd5 4.Nf3 Nc6 5.d4 cxd4 6.Bc4 Nb6 7.Bb3 g6 8.Ng5 d5
9.exd6 e6 10.Ne4 Bg7 11.cxd4 O-O 12.O-O f5 13.d5 exd5 14.Bxd5+ Kh8 15.Bxc6 bxc6
16.Bg5 Qe8 17.Nec3 Qf7 18.Nd2 Bf6 19.Nf3 Rd8 20.Re1 Bxg5 21.Nxg5 Qf6 22.Re7 Qxe7
23.dxe7 Rxd1+ 24.Rxd1 Bd7 25.a4 a5 26.Nf7+ Kg7 27.Ne5 Be8 28.Rd8 Kf6 29.Nc4 Kxe7
30.Rxa8 Nxa8 31.Nxa5 Kd6 32.Nb7+ Ke5 33.Kf1 Kd4 34.Ke2 Bd7 35.Kd2 Kc4 36.Kc2 Kb4
37.Na2+ Kc4 38.b3+ Kd4 39.Nc3 Bc8 40.Na5 Kc5 41.Nc4 Ba6 42.Ne5 Bf1 43.g3 Nc7
44.Nd3+ Kd4 45.Nb4 Kc5 46.Nd3+ Kd4 47.Nf4 g5 48.Nfe2+ Kc5 49.Kd2 Ne6 50.a5 f4
51.gxf4 gxf4 52.b4+ Kxb4 53.a6 Bg2 54.a7 c5 55.Nc1 c4 56.N3a2+ Kc5 57.Ne2 Ba8
58.h4 Bb7 59.Kc3 f3 60.Ng3 Nc7 61.Kd2 Nb5 62.Nc3 Nxa7 63.Nge4+ Kd4 64.Nf6 h6
65.Ng4 h5  1/2-1/2

[Event "World Youth Stars"]
[Site "Kirishi RUS"]
[Date "2003.08.02"]
[Round "1"]
[White "Nepomniachtchi,I"]
[Black "Andreikin,D"]
[Result "1/2-1/2"]
[WhiteElo "2432"]
[BlackElo "2400"]

1.e4 c5 2.c3 Nf6 3.e5 Nd5 4.d4 cxd4 5.Nf3 e6 6.cxd4 b6 7.Nc3 Bb7 8.Bd3 Na6
9.Nxd5 Bxd5 10.Bxa6 b5 11.O-O Qb6 12.Bxb5 Qxb5 13.Re1 Be7 14.Ng5 O-O 15.Ne4 Qb7
16.f3 Rfc8 17.Nc3 Rc4 18.Nxd5 Qxd5 19.Be3 Rac8 20.Re2 d6 21.f4 Qe4 22.Qf1 Rc2
23.Rae1 dxe5 24.fxe5 Bb4 25.Rxc2 Rxc2 26.Re2 Rxe2 27.Qxe2 Qb1+ 28.Kf2 Qxa2
29.Qc2  1/2-1/2

[Event "It"]
[Site "Kramatorsk UKR"]
[Date "2003.08.02"]
[Round "7"]
[White "Kulicov,O"]
[Black "Kuzmin,Ge"]
[Result "1/2-1/2"]
[WhiteElo "2460"]
[BlackElo "2516"]

1.e4 c5 2.c3 Nf6 3.e5 Nd5 4.Nf3 d6 5.d4 cxd4 6.Qxd4 e6 7.Nbd2 Nc6 8.Qe4 dxe5
9.Nxe5 Nxe5 10.Qxe5 Qc7  1/2-1/2

[Event "ch-SLO w"]
[Site "Bled SLO"]
[Date "2003.08.03"]
[Round "2"]
[White "Stevanec,L"]
[Black "Kaps,D"]
[Result "0-1"]
[WhiteElo "2117"]
[BlackElo "2237"]

1.e4 c5 2.c3 Nf6 3.e5 Nd5 4.d4 cxd4 5.Nf3 Nc6 6.Bc4 Nb6 7.Bb3 d5 8.exd6 Qxd6
9.O-O g6 10.Ng5 Be6 11.Nxe6 fxe6 12.Qe2 e5 13.f4 O-O-O 14.fxe5 Qxe5 15.Be6+ Nd7
16.Qxe5 Nxe5 17.cxd4 Nd3 18.Be3 Bg7 19.Nc3 Kb8 20.Rad1 Nxb2 21.Rd2 Nc5 22.Bb3 Nbd3
23.Bd5 Nb4 24.Bf3 Ne6 25.Rfd1 Rc8 26.Ne2 Nc2 27.Rb1 b6 28.Bf2 Na3 29.Bg3+ Nc7
30.Rb3 Nc4 31.Rc2 Nd6 32.a4 Nf5 33.Bf2 Ne6 34.Rd2 Rhd8 35.a5 Nexd4 36.Nxd4 Nxd4
37.Bd1  0-1

[Event "HZ Open"]
[Site "Vlissingen NED"]
[Date "2003.08.03"]
[Round "3"]
[White "Schmitz,A"]
[Black "Werle,J"]
[Result "1/2-1/2"]
[WhiteElo "2179"]
[BlackElo "2397"]

1.e4 c5 2.c3 Nf6 3.e5 Nd5 4.d4 cxd4 5.cxd4 d6 6.Nf3 Nc6 7.Bc4 Nb6 8.Bb3 e6
9.O-O dxe5 10.dxe5 Qxd1 11.Rxd1 Na5 12.Be3 Nxb3 13.axb3 Nd5 14.Rxa7 Rxa7
15.Bxa7 Bd7 16.Nc3 Bc6 17.Nd4 Kd7 18.Nxc6 bxc6 19.Ne4 Be7 20.Bc5 Ra8 21.Bxe7 Kxe7
22.g3 Ra2 23.Rd2 Ra1+ 24.Kg2 Rc1 25.f4 f6 26.exf6+ gxf6 27.Kf3 e5 28.fxe5 fxe5
29.Re2 Nf6 30.Nf2 Nd7 31.Nd3 Rf1+ 32.Kg2 Rf5 33.g4 Rg5 34.Kf3 Kd6 35.h4 Rg8
36.g5 Kd5 37.Nb4+ Kc5 38.Rd2 Rf8+ 39.Kg3 Rf7 40.Nd3+ Kd4 41.Nf4+ Ke3 42.Re2+ Kd4
43.Ne6+ Kd3 44.Re1 Kd2 45.Re4 Kd3 46.Rc4 c5 47.Nxc5+ Nxc5 48.Rxc5 e4 49.Rd5+ Ke2
50.h5 e3 51.Re5 Kd2 52.Kg4 e2 53.g6 hxg6 54.hxg6 Rf1 55.Kg5 Rg1+ 56.Kf6 Rf1+
57.Kg5 Rg1+ 58.Kh6 Rh1+ 59.Kg7 Rh3 60.Kf7 Rf3+ 61.Kg7 Rg3 62.Kf7  1/2-1/2

[Event "WYol u16"]
[Site "Denizli TUR"]
[Date "2003.08.04"]
[Round "1"]
[White "Acar,G"]
[Black "Gerzhoy,L"]
[Result "0-1"]
[WhiteElo "1941"]
[BlackElo "2410"]

1.e4 c5 2.c3 Nf6 3.e5 Nd5 4.Nf3 Nc6 5.d4 cxd4 6.cxd4 d6 7.Bc4 e6 8.O-O Be7
9.Qe2 O-O 10.Rd1 a6 11.Qe4 Qc7 12.Bd3 g6 13.a3 dxe5 14.dxe5 b5 15.Bh6 Rd8
16.Nbd2 Bb7 17.Qe2 Rac8 18.Rac1 Qb6 19.h4 Nd4 20.Nxd4 Rxc1 21.Rxc1 Qxd4 22.Nf3 Qg4
23.Qe4 Qxe4 24.Bxe4 Ba8 25.Bg5 Bxg5 26.Nxg5 h6 27.Nh3 Nc3 28.Rxc3 Bxe4 29.f3 Rd1+
30.Kh2 Bd5 31.b4 Rd2 32.Re3 Kg7 33.Kg3 Rc2 34.Nf2 g5 35.hxg5 hxg5 36.Ng4 Kg6
37.Nf2 Bc4 38.Ne4 Bf1 39.Nf2 Kf5 40.Rb3 Kxe5 41.Ng4+ Kd4 42.Ne3 Rc1 43.Ng4 f5
44.Nf2 Bc4  0-1

[Event "Hilton Premier"]
[Site "Blackpool ENG"]
[Date "2003.08.05"]
[Round "3"]
[White "Hanley,C"]
[Black "Palliser,R"]
[Result "0-1"]
[WhiteElo "2387"]
[BlackElo "2438"]

1.e4 c5 2.c3 Nf6 3.e5 Nd5 4.Nf3 e6 5.d4 cxd4 6.cxd4 d6 7.Bc4 Nc6 8.O-O Be7
9.a3 O-O 10.Re1 Bd7 11.Bd3 Rc8 12.Qe2 Na5 13.Ra2 Qb6 14.b4 Nb3 15.Bxh7+ Kxh7
16.Qd3+ Kg8 17.Qxb3 Qa6 18.exd6 Ba4 19.Qb2 Bxd6 20.Be3 Rc2 21.Qa1 Rfc8 22.Nbd2 Nxe3
23.fxe3 Qd3 24.Rxc2 Rxc2 25.Nf1 Bc6 26.Qd1 Qg6 27.Re2 Rc3 28.Ne5 Bxe5 29.dxe5 Rxa3
30.Qd8+ Kh7 31.Rf2 Ra1 32.Qh4+ Qh6 33.Qd4 Rb1 34.Rf4 Qg5 35.Rh4+ Kg8 36.Rg4 Qe7
37.Kf2 Qd7 38.Nd2 Qxd4 39.Rxd4 Rb2 40.g4 g5 41.Kg3 Kg7 42.Ne4 Bxe4 43.Rxe4 Rb3
44.Kf3 Rb2 45.h3 Rh2 46.b5 Rxh3+ 47.Kg2 Rh8 48.Ra4 Ra8 49.Kf3 Kf8 50.Ke4 Ke7
51.Ra1 a5 52.bxa6 bxa6 53.Kd4 a5 54.Ra4 Rd8+ 55.Ke4 Rd5 56.Ra1 Kd8 57.Rf1 a4
58.Rxf7 Ra5 59.Kd3 a3 60.Rf1 a2 61.Ra1 Kc7 62.Kc4 Kc6 63.Kb4 Kb6 64.e4 Ra8
65.Kc4 Ra4+ 66.Kd3 Kc5 67.Kc3 Ra6  0-1

[Event "WYol u16"]
[Site "Denizli TUR"]
[Date "2003.08.05"]
[Round "2"]
[White "Zinchenko,Y"]
[Black "Sanikidze,T"]
[Result "1-0"]
[WhiteElo "2322"]
[BlackElo "2250"]

1.c3 c5 2.e4 Nf6 3.e5 Nd5 4.d4 cxd4 5.Nf3 e6 6.cxd4 d6 7.Nc3 Nc6 8.exd6 Qxd6
9.a3 Be7 10.Bc4 O-O 11.O-O Rd8 12.Be3 a6 13.Ne4 Qd7 14.Qd3 h6 15.Rad1 b6
16.Ba2 Bb7 17.Ned2 Bf8 18.Nc4 Qe7 19.Bb1 g6 20.Qd2 Kh7 21.h4 b5 22.Nce5 Nxe5
23.Nxe5 Nf6 24.Qe2 Kg8 25.Qd2 Kh7 26.f3 Bg7 27.Bd3 Rac8 28.g3 Nd5 29.h5 Bxe5
30.dxe5 Nxe3 31.Qxe3 Qg5 32.Qxg5 hxg5 33.hxg6+ fxg6 34.Kf2 Kg7 35.Ke3 Rc7
36.Bb1 Bd5 37.Rd2 Rf8 38.Rh2 Rc5 39.f4 b4 40.axb4 Rb5 41.Rc1 Rf7 42.Rc8 Bb7
43.Rch8 gxf4+ 44.gxf4 Bh1 45.Rxh1  1-0

[Event "WYol u16"]
[Site "Denizli TUR"]
[Date "2003.08.05"]
[Round "3"]
[White "Muhammad,F"]
[Black "Can,E"]
[Result "0-1"]
[WhiteElo "2023"]
[BlackElo "2198"]

1.e4 c5 2.c3 Nf6 3.e5 Nd5 4.d4 cxd4 5.cxd4 d6 6.Bc4 Nb6 7.Bb5+ Bd7 8.e6 fxe6
9.Nh3 Bxb5 10.Qh5+ g6 11.Qxb5+ Qd7 12.Qe2 Nc6 13.Be3 Bg7 14.Qg4 e5 15.Qxd7+ Nxd7
16.dxe5 Ndxe5 17.O-O Nc4 18.Nd2 Nxe3 19.fxe3 Bxb2 20.Rab1 Bc3 21.Ne4 Ba5
22.Nf4 O-O 23.Rxb7 Rab8 24.Rfb1 Rxb7 25.Rxb7 Rb8 26.Rxb8+ Nxb8 27.Nd5 Nc6
28.Kf2 Kf8 29.Kf3 Nb4 30.Nxb4 Bxb4 31.Nf2 Kf7 32.Nd3 Bc5 33.Ke4 e6 34.g4 d5+
35.Kf3 Bd6 36.h4 h5 37.g5 e5 38.Ke2 e4 39.Nf4 Bxf4 40.exf4 Ke6 41.Ke3 Kf5
42.a4 a5 43.Kd4 Kxf4 44.Kxd5 e3 45.Ke6 e2 46.Kf6 e1=Q 47.Kxg6 Qe6+ 48.Kh7 Qf7+
49.Kh8 Qf8+ 50.Kh7 Kf5 51.g6 Ke5  0-1

[Event "ch-AUT"]
[Site "Hartberg AUT"]
[Date "2003.08.05"]
[Round "10"]
[White "Ragger,M"]
[Black "Wittmann,W"]
[Result "1/2-1/2"]
[WhiteElo "2347"]
[BlackElo "2359"]

1.e4 c5 2.c3 Nf6 3.e5 Nd5 4.Nf3 Nc6 5.Na3 d6 6.Nc4 Nb6 7.Nxb6 Qxb6 8.exd6 e6
9.d4 cxd4 10.Nxd4 Nxd4 11.Be3 Bxd6 12.Bxd4 Bc5 13.Bxc5 Qxc5 14.Bd3 Qe5+ 15.Qe2 Qxe2+  1/2-1/2

[Event "Open"]
[Site "Olomouc CZE"]
[Date "2003.08.06"]
[Round "8"]
[White "Helvensteijn,D"]
[Black "Klima,L"]
[Result "1/2-1/2"]
[WhiteElo "2248"]
[BlackElo "2425"]

1.e4 c5 2.c3 Nf6 3.e5 Nd5 4.d4 cxd4 5.cxd4 e6 6.Nc3 Nxc3 7.bxc3 Qc7 8.Bd2 Be7
9.f4 b6 10.Nf3 Bb7 11.Bd3 Nc6 12.Qe2 g6 13.O-O d5 14.exd6 Qxd6 15.Ne5 O-O
16.Rfd1 Bf6 17.Be3 Ne7 18.c4 Rad8 19.Rac1 Nf5 20.Bxf5 exf5 21.c5 Qe6 22.Bf2 Bd5
23.Rd2 Rc8 24.Nd3 Rfd8 25.Qxe6 Bxe6 26.cxb6 axb6 27.Rxc8 Rxc8 28.Be3 Bd8
29.Nb4 Be7 30.Rb2 Bc4 31.a4 Bd6 32.d5 Ra8 33.Nc2 Bxd5 34.Rxb6 Bc7 35.Rb4 Ba5
36.Rd4 Be4 37.Na3 Rc8 38.Rc4 Rd8 39.Rd4 Re8 40.Nc4 Bc3 41.Rd6 Ra8 42.a5 Bxa5
43.Nxa5 Rxa5 44.Bd4 f6 45.Rd8+ Kf7 46.Rd7+ Ke6 47.Rxh7 Ra4 48.Bc3 Rc4 49.Be1 Rc1
50.Kf1 Bxg2+ 51.Kxg2 Rxe1 52.Rg7 Kd5 53.Rxg6 Ke4 54.Rxf6 Kxf4 55.Ra6 Re2+
56.Kg1 Rb2 57.Ra1 Rb3 58.Kg2 Rb2+ 59.Kg1 Ke3 60.Ra3+ Ke2 61.Ra4 Rb5 62.Ra2+ Kf3
63.Ra3+ Kg4 64.Ra7 f4 65.Ra2 Re5 66.Kf2 Rh5 67.Kg1 Rh3 68.Kg2 Rb3 69.Rc2 Kf5
70.Ra2 Ke4 71.Re2+  1/2-1/2

[Event "HZ Open"]
[Site "Vlissingen NED"]
[Date "2003.08.06"]
[Round "6"]
[White "Jonkman,H"]
[Black "Lukas,M"]
[Result "1-0"]
[WhiteElo "2424"]
[BlackElo "2086"]

1.e4 c5 2.c3 Nf6 3.e5 Nd5 4.Nf3 Nc6 5.Bc4 Nb6 6.Bb3 e6 7.d4 cxd4 8.cxd4 d6
9.Qe2 Be7 10.O-O Nd7 11.exd6 Bxd6 12.d5  1-0

[Event "HZ Open"]
[Site "Vlissingen NED"]
[Date "2003.08.07"]
[Round "7"]
[White "Michiels,R"]
[Black "Werle,J"]
[Result "0-1"]
[WhiteElo "2117"]
[BlackElo "2397"]

1.e4 c5 2.c3 Nf6 3.e5 Nd5 4.d4 cxd4 5.Nf3 e6 6.cxd4 b6 7.Bg5 Be7 8.Bxe7 Qxe7
9.Nc3 Nxc3 10.bxc3 Bb7 11.Bd3 O-O 12.O-O Nc6 13.h4 f6 14.Qc2 h6 15.Rfe1 fxe5
16.dxe5 Rxf3 17.gxf3 Qxh4 18.Be4 Rf8 19.Re3 Qg5+ 20.Kf1 Ba6+ 21.Bd3 Bxd3+
22.Qxd3 Nxe5 23.Qe4 Qh5 24.Ke2 Ng6 25.Rg1 Nf4+ 26.Kd1 Qb5 27.Qc2 d5 28.Qb3 Qa6
29.Qc2 Rd8 30.Kc1 d4 31.Re4 d3 32.Qd2 Qa3+ 33.Kb1 Nd5 34.Rd4 Nxc3+ 35.Qxc3 Qxc3
36.Rxd8+ Kh7 37.Rd7 Qc2+ 38.Ka1 Qc3+ 39.Kb1 a5 40.Rc1 Qb4+ 41.Ka1 Qf4 42.Kb1 Qf5
43.Rcc7 d2+ 44.Kb2 d1=Q  0-1

[Event "ch-AUT"]
[Site "Hartberg AUT"]
[Date "2003.08.09"]
[Round "14"]
[White "Ragger,M"]
[Black "Danner,G"]
[Result "1/2-1/2"]
[WhiteElo "2347"]
[BlackElo "2359"]

1.e4 c5 2.c3 Nf6 3.e5 Nd5 4.Nf3 e6 5.d4 cxd4 6.cxd4 b6 7.Bd3 Bb7 8.a3 d6
9.O-O Nd7 10.Re1 Be7 11.Nbd2 dxe5 12.dxe5 O-O  1/2-1/2

[Event "WYol u16"]
[Site "Denizli TUR"]
[Date "2003.08.10"]
[Round "10"]
[White "Georgiadis,I"]
[Black "Sai,S"]
[Result "0-1"]
[WhiteElo "2023"]
[BlackElo "2244"]

1.e4 c5 2.c3 Nf6 3.e5 Nd5 4.d4 cxd4 5.Nf3 e6 6.cxd4 b6 7.Bd3 Ba6 8.Nc3 Bb4
9.Bd2 Bxd3 10.Nxd5 Bxd2+ 11.Qxd2 Ba6 12.Nc3 d5 13.exd6 Qxd6 14.O-O-O O-O
15.d5 exd5 16.Qxd5 Qh6+ 17.Kb1 Nc6 18.Qd6 Qxd6 19.Rxd6 Rac8 20.Nd5 Rfd8 21.Rxc6 Rxd5
22.Rxc8+ Bxc8 23.b3 Bg4 24.Re1 Kf8 25.Re3 Rd1+ 26.Kc2 Rf1 27.Re2 Bxf3 28.gxf3 Rh1
29.Kd3 Rxh2 30.Rc2 a5 31.Ke3 Rh6 32.Rc8+ Ke7 33.Rc7+ Ke8 34.Rc8+ Kd7 35.Rg8 Re6+
36.Kd3 Rg6 37.f4 h5 38.f5 Rg5 39.Ke4 g6 40.fxg6 fxg6 41.f4 Rg4 42.Kf3 Kc6
43.a3 Kc5 44.Rc8+ Kb5 45.Re8 Rg1 46.Re5+ Ka6 47.a4 h4 48.Kf2 Rg4 49.f5 Rf4+  0-1

[Event "World Youth Stars"]
[Site "Kirishi RUS"]
[Date "2003.08.11"]
[Round "9"]
[White "Nepomniachtchi,I"]
[Black "Bogosavljevic,B"]
[Result "1/2-1/2"]
[WhiteElo "2432"]
[BlackElo "2232"]

1.e4 c5 2.c3 Nf6 3.e5 Nd5 4.d4 cxd4 5.Nf3 Nc6 6.Bc4 Nb6 7.Bb3 d5 8.exd6 e6
9.cxd4 Bxd6 10.Nc3 Be7 11.O-O O-O 12.a3 Na5 13.Bc2 Nd5 14.Qd3 g6 15.Bh6 Re8
16.Ne4 Nc6 17.h4 b6 18.h5 Bb7 19.hxg6 hxg6 20.Neg5 Nf4 21.Qe4 Qc7 22.Qe3 Nxd4
23.Nxd4 Nxg2 24.Qc3 Qxc3 25.bxc3 Nf4 26.Ne4 g5 27.f3 f6 28.Kf2 Kf7 29.Rh1 Rh8
30.Rag1 Rac8 31.Nb5 Bxe4 32.Bxe4 a6 33.Nd4 Rxc3 34.Bxg5 Rxh1 35.Rxh1 fxg5
36.Rh7+ Ke8 37.Rh8+ Kd7 38.Rh7 Kd6 39.a4 Bf6 40.Ne2 Nxe2 41.Kxe2 Ra3 42.Bc2 Bd4
43.Rh5 Re3+ 44.Kd1 Rxf3 45.Rxg5 Rf2 46.Rg8 Kc5 47.Ra8 Kb4 48.Rxa6 Kc3 49.Be4 Rf4
50.Bg6 Rg4 51.Bh7 Rh4 52.Bg6 Rg4 53.Bh7 Rg7 54.Be4 Rg4 55.Bh7 e5 56.a5 Rg1+
57.Ke2 Ra1 58.Rxb6 Bxb6 59.axb6 Ra6 60.Ke3 Rxb6 61.Ke4 Re6 62.Bf5 Re8 63.Bg6 Re7
64.Kd5 Rg7 65.Bf5 Re7 66.Bg6 Kd2 67.Kd6 Rg7 68.Bf5 Ke3 69.Kxe5 Ra7 70.Bg6 Ra5+
71.Kf6 Kf4 72.Bh7 Ra6+ 73.Kg7 Kg5 74.Bg8  1/2-1/2

[Event "US Open"]
[Site "Los Angeles USA"]
[Date "2003.08.12"]
[Round "9"]
[White "Handoko,E"]
[Black "Van Meter,L"]
[Result "1-0"]
[WhiteElo "2429"]
[BlackElo "2262"]

1.e4 c5 2.c3 Nf6 3.e5 Nd5 4.d4 cxd4 5.Nf3 e6 6.cxd4 d6 7.Bc4 Nc6 8.O-O Be7
9.Qe2 O-O 10.Rd1 Bd7 11.Qe4 Qc7 12.Na3 Na5 13.Bd3 f5 14.exf6 Nxf6 15.Qh4 Qd8
16.Bg5 g6 17.Re1 Rf7 18.Nc2 Rc8 19.Ne3 Nc6 20.a3 Nh5 21.Ng4 Bxg5 22.Nxg5 Rf4
23.Re4 Rxe4 24.Bxe4 Nxd4 25.Nh6+ Kg7 26.g4 Nf6 27.Nhf7 Qe7 28.Rd1 e5 29.Bd5 Nxg4
30.Qxh7+ Kf6 31.Ne4+ Kf5 32.Nfxd6+ Kf4 33.Qh3 Ne2+ 34.Kg2 Rc2 35.Qf3+  1-0

[Event "US Open"]
[Site "Los Angeles USA"]
[Date "2003.08.13"]
[Round "10"]
[White "Sevillano,E"]
[Black "Goletiani,R"]
[Result "1-0"]
[WhiteElo "2490"]
[BlackElo "2314"]

1.e4 c5 2.c3 Nf6 3.e5 Nd5 4.d4 cxd4 5.Nf3 Nc6 6.Bc4 Nb6 7.Bb3 d6 8.exd6 Qxd6
9.O-O Be6 10.Bxe6 Qxe6 11.Nxd4 Nxd4 12.Qxd4 Rd8 13.Qh4 Qe2 14.Nd2 e6 15.Qg3 h5
16.Qc7 Rh6 17.Qxb7 Rg6 18.Ne4 Be7 19.Ng3 Qe5 20.Qxa7 h4 21.Qxb6 hxg3 22.hxg3 Rxg3
23.Be3 Rg4 24.Qc6+ Kf8 25.Rfd1 Re8 26.Rd4 Rg6 27.Qf3 Bc5 28.Re4 Qd6  1-0